000 01304pab a2200169 454500
008 180718b2018 xxu||||| |||| 00| 0 eng d
100 _aBednarczuk, Michael
245 _aIdentity and vote overreporting by bureaucrats: implications for public service motivation
260 _c2018
300 _ap.148-58.
362 _aFeb
520 _aStudies have argued that the higher levels of public service motivation (PSM) found in bureaucrats as compared with others lead to the positive civic and political behaviors seen in government employees. This study extends those findings to see if high PSM could have any negative effects on these same behaviors. Drawing from research on identity theory, it is hypothesized that a salient ?public service identity? could contribute to bureaucrats being more apt than others to report that they have voted in elections when they actually had not. Logit models using data covering a span of almost 30 years in the United States find support for the hypothesis. This work suggests that viewing PSM through the lens of identity theory may have broad implications for the field of public administration. - Reproduced.
650 _aPersonnel, Public - Motivation
650 _aBureaucracy
773 _aAmerican Review of Public Administration
909 _a117094
999 _c117088
_d117088